LDR 01080naa#a2200169#i#450# 001 RU\\bibl\121973 005 20260705143749.7 011 ## _a2687-0185 100 ## _a20260319b2026####ek#y0rusy0150####ca 102 ## _aRU 200 1# _aФеномен лидерства в преступной иерархии и стратегия «инфильтрационной анестезии» в контексте противодействия организованной преступности _eЖурнальная статья 210 1# _aМосква _cМосковский университет МВД России имени В.Я. Кикотя _d2026 215 ## _a3 с. 608 ## _aЖурнальная статья _2local 675 ## _aДеяния против государства и системы управления. 343.3 _aМетоды, средства и формы профилактики. 343.851 _aТактика задержания преступника. Розыск. 343.985.5 _z 700 #1 _aМархолия _gРустам Гарриевич 856 4# _amosumvd.editorum.ru _u